000
00295nam a2200121Ia 4500
008
210430s9999 xx 000 0 und d
082
_a
823 B424W
100
_a
S Beckett
245
_a
Waiting for GODOT /
_c
S Beckett
260
_a
Erode
_b
Ramana Lyer
_c
2006
300
_a
60 p
942
_c
BK
_2
ddc
999
_c
565606
_d
565606